Catálogo
 En Linea

La sombra iluminada / (Registro nro. 16666)

Detalles MARC
000 -CABECERA
campo de control de longitud fija 00438nam a2200157 a 4500
001 - NÚMERO DE CONTROL
campo de control 000017140
005 - FECHA Y HORA DE LA ÚLTIMA TRANSACCIÓN
campo de control 20240305111025.0
008 - DATOS DE LONGITUD FIJA--INFORMACIÓN GENERAL
campo de control de longitud fija 100318s1929 dr 000 0 spa d
040 ## - FUENTE DE LA CATALOGACIÓN
Centro catalogador/agencia de origen DO-SdBNP
Lengua de catalogación spa
Centro/agencia transcriptor BNPHU
082 ## - NÚMERO DE LA CLASIFICACIÓN DECIMAL DEWEY
Número de clasificación xxx
Número de documento/Ítem V864
049 ## - FONDOS LOCALES (OCLC)
Fondos de biblioteca BNPD
100 1# - ENTRADA PRINCIPAL--NOMBRE DE PERSONA
Nombre de persona Vizardi, Ligio
Fechas asociadas al nombre 1895-1968
9 (RLIN) 37744
245 13 - MENCIÓN DE TÍTULO
Título La sombra iluminada /
Mención de responsabilidad, etc. Ligio Vizardi.
260 ## - PUBLICACIÓN, DISTRIBUCIÓN, ETC.
Lugar de publicación, distribución, etc. San Pedro de Macorís :
Nombre del editor, distribuidor, etc. La Nación,
Fecha de publicación, distribución, etc. 1929.
300 ## - DESCRIPCIÓN FÍSICA
Extensión 31 p. ;
Dimensiones 30 cm.
Existencias
Estado de retiro Estado de pérdida Restricciones de uso No para préstamo Código de colección Localización permanente Ubicación/localización actual Ubicación en estantería Fecha de adquisición Número de inventario Total de préstamos Signatura topográfica completa Código de barras Fecha visto por última vez Precio válido a partir de Tipo de ítem Koha
      Excluido de préstamo Raros y valiosos Patrimonio Dominicano Patrimonio Dominicano Depósito 18.03.2010 LF1   xxx V864 17140-10 25.06.2020 25.06.2020 No se presta

Con tecnología Koha